Quaid i Azam Mohammad Ali Jinnah : an album (Record no. 5218)

000 -LEADER
fixed length control field 00417 a2200145 4500
040 ## - CATALOGING SOURCE
Original cataloging agency DLC
082 ## - DEWEY DECIMAL CLASSIFICATION NUMBER
Classification number 954.9192
Author Mark JIN
100 ## - MAIN ENTRY--PERSONAL NAME
Personal name Jinnah
9 (RLIN) 107708
245 ## - TITLE STATEMENT
Title Quaid i Azam Mohammad Ali Jinnah : an album
Statement of responsibility, etc. Jinnah
260 ## - PUBLICATION, DISTRIBUTION, ETC.
Place of publication, distribution, etc. Islamabad,
Name of publisher, distributor, etc. : Services Book Club
Date of publication, distribution, etc. 1997.
300 ## - PHYSICAL DESCRIPTION
Extent 176 p.
Other physical details : ill
Dimensions . ; 27 cm
500 ## - GENERAL NOTE
General note Includes Index
650 ## - SUBJECT ADDED ENTRY--TOPICAL TERM
Topical term or geographic name entry element Quaid-i-Azam--History
9 (RLIN) 107709
942 ## - ADDED ENTRY ELEMENTS (KOHA)
Koha item type Book
Call number prefix 954.91.92 JIN
Source of classification or shelving scheme
Holdings
Withdrawn status Lost status Source of classification or shelving scheme Damaged status Not for loan Permanent Location Current Location Shelving location Date acquired Source of acquisition Cost, normal purchase price Full call number Barcode Date last seen Price effective from Koha item type Total Checkouts Date last checked out
          Central Library (CL) Central Library (CL) General Stacks 08/23/2002 National Language Authority 300.00 954.9192 JIN SEECS002316 11/14/2012 01/05/2017 Reference    
          Central Library (CL) Central Library (CL) General Stacks 08/23/2002 National Language Authority 300.00 954.9192 JIN SEECS002315 09/15/2020 01/05/2017 Book 1 09/09/2020
© 2023 Central Library, National University of Sciences and Technology. All Rights Reserved.